| 000 | 00942nam a2200265Ia 4500 | ||
|---|---|---|---|
| 001 | 21964 | ||
| 005 | 20260320113329.0 | ||
| 008 | 260320s9999||||xx |||||||||||||| ||und|| | ||
| 020 | _a9786123263232 | ||
| 041 | _aESP | ||
| 082 |
_a304.80985 _bR17 |
||
| 100 |
_aRagas, José, _eAUT |
||
| 245 | 0 |
_aLima chola : _buna historia de la gran migración andina |
|
| 246 |
_a _5 _b |
||
| 250 | _aPrimera edición, primera reimpresión | ||
| 260 |
_aLima : _bIEP Instituto de Estudios Peruanos, _c2025 |
||
| 300 |
_a294 páginas : _bilustraciones, fotografías, cuadros ; _c19 cm. _e |
||
| 440 |
_a(Estudios históricos _n; número 99) _v |
||
| 650 | _aCIS | ||
| 653 | _aMigración rural-urbana; Expanción urbana; Aculturación; Urbanización | ||
| 654 | _aCHU | ||
| 700 |
_aAvilés, Marco, _cPRO |
||
| 856 |
_uhttps://0u20jme4p-y-https-www-jstor-org.itmsp.museknowledge.com/ _zVéase además: Base de datos JSTOR |
||
| 942 |
_cLIB _dJUS _fMAT _2ddc _n |
||
| 999 |
_c21964 _d21964 |
||